| 000 | 00459nam a2200157Ia 4500 | ||
|---|---|---|---|
| 008 | 160319s9999 xx 000 0 und d | ||
| 245 | _aBumble Bee's 123s: Sequencing: | ||
| 245 | _bNumbers 1 through 10 / | ||
| 260 | _bEducational Products for Infancy Inc. | ||
| 260 | _c2004 | ||
| 300 | _a2 videodiscs (70 min.) : | ||
| 300 | _bsound, color ; | ||
| 300 | _c4 3/4 in. | ||
| 650 | _a Mathematics -- | ||
| 650 | _xStudy and teaching (Early childhood). | ||
| 999 |
_c292470 _d292470 |
||